00987nam a2200229 a 450000100100000000500170001000800410002704000250006804100130009310000370010624500620014325000170020526000470022230000210026965000250029065000290031570000340034495201500037895201060052895201060063499900170074000003549220200930074401.0111102s1985 mx 000 f spa d aDO-SdBNPbspacBNPHU17aspahger1 aHesse, Hermann,d1877-19629330110aSiddharta /cHermann Hesse ; traducido por Carmen Grossi. aEd. completa a[México] :b[Imp. Poligráfica],c1985. a169 p. ;c21 cm.24aNovela alemana9330224aLiteratura alemana932741 aGrossi, Carmen,etrad.961367 0010507-18MOaGRbGRcOId2011-11-02iLF1l0o p35492-10r2020-06-25w2020-06-25y1zBiblioteca Juan Isidro Jiménes GrullónZNo se presta 0010507-18MOaGRbGRcOId2011-11-02iLF1l0o p35493-10r2020-06-25w2020-06-25y1ZNo se presta 0010507-18MOaGRbGRcOId2011-11-02iLF1l0o p35494-10r2020-06-25w2020-06-25y1ZNo se presta c34983d34983